Statistics for World Capitals Closest to Kiev

Click here to take the quiz!

General Stats

  • This quiz has been taken 43 times
  • The average score is 18 of 20

Answer Stats

kmcapitalmiles% Correct
758Moscow471
100%
436Minsk271
97%
691Warsaw429
97%
898Budapest558
94%
1023Sofia636
94%
980Belgrade609
92%
746Bucharest463
92%
837Riga520
92%
1055Vienna656
92%
591Vilnius367
92%
1007Bratislava626
89%
400Chișinău248
86%
1172Sarajevo728
86%
1066Tallinn662
86%
1144Prague711
83%
1194Zagreb742
83%
1186Ankara737
81%
1137Helsinki707
78%
1168Skopje726
78%
1124Pristina698
75%

Score Distribution

Percentile by Number Answered

Percent of People with Each Score

Your Score History

You have not taken this quiz